<?xml version="1.0" encoding="UTF-8"?>
<marc:record xmlns:marc="http://www.loc.gov/MARC21/slim">
   <marc:leader>00000nam a2200000 a 4500</marc:leader>
   <marc:datafield ind1="1" ind2=" " tag="100">
      <marc:subfield code="a">Essig, Rolf-Bernhard</marc:subfield>
      <marc:subfield code="4">aut</marc:subfield>
      <marc:subfield code="e">Verfasser/-in</marc:subfield>
   </marc:datafield>
   <marc:datafield ind1=" " ind2=" " tag="653">
      <marc:subfield code="a">Demenz</marc:subfield>
   </marc:datafield>
   <marc:datafield ind1=" " ind2=" " tag="653">
      <marc:subfield code="a">Alzheimer</marc:subfield>
   </marc:datafield>
   <marc:datafield ind1=" " ind2=" " tag="653">
      <marc:subfield code="a">Sprichwort-Geschichten</marc:subfield>
   </marc:datafield>
   <marc:datafield ind1=" " ind2=" " tag="653">
      <marc:subfield code="a">Biographiearbeit</marc:subfield>
   </marc:datafield>
   <marc:datafield ind1=" " ind2=" " tag="653">
      <marc:subfield code="a">Bilderbuch</marc:subfield>
   </marc:datafield>
   <marc:datafield ind1=" " ind2=" " tag="653">
      <marc:subfield code="a">Softcover / Ratgeber/Gesundheit/Erkrankungen</marc:subfield>
   </marc:datafield>
   <marc:datafield ind1=" " ind2=" " tag="653">
      <marc:subfield code="a">Heilverfahren</marc:subfield>
   </marc:datafield>
   <marc:datafield ind1=" " ind2=" " tag="653">
      <marc:subfield code="a">Gemischte Anthologien</marc:subfield>
   </marc:datafield>
   <marc:datafield ind1="0" ind2="0" tag="245">
      <marc:subfield code="a">Morgenstund hat Gold im Mund - die schönsten Sprichwort-Geschichten von früh bis spät</marc:subfield>
   </marc:datafield>
   <marc:datafield ind1="0" ind2="0" tag="245">
      <marc:subfield code="b">das kenn ich doch! Bekannte Sprichwörter erkennen und ergänzen</marc:subfield>
   </marc:datafield>
   <marc:datafield ind1="0" ind2="0" tag="245">
      <marc:subfield code="c">von Rolf-Bernhard Essig. [Ill.: Nikolai Renger</marc:subfield>
   </marc:datafield>
   <marc:datafield ind1=" " ind2="1" tag="264">
      <marc:subfield code="a">Karlsruhe</marc:subfield>
      <marc:subfield code="b">SingLiesel</marc:subfield>
      <marc:subfield code="c">2014</marc:subfield>
   </marc:datafield>
   <marc:datafield ind1="1" ind2=" " tag="490">
      <marc:subfield code="a">SingLiesel</marc:subfield>
   </marc:datafield>
   <marc:datafield ind1="1" ind2=" " tag="520">
      <marc:subfield code="a">Angaben aus der Verlagsmeldung

Singliesel - Die schönsten Sprichwort-Geschichten von früh bis spät für Menschen mit Demenz : Morgenstund hat Gold im Mund - Das kenn ich doch! Bekannte Sprichwörter erkennen und ergänzen / von Singliesel

Die Sprichwort-Geschichten kombinieren in einzigartiger Weise Sprichwörter mit kurzen, humorvollen und warmherzigen Geschichten. Etwas zu können und zu wissen hat für Menschen mit Demenz einen ganz besonderen Stellenwert. Menschen mit Demenz freuen sich - wie alle anderen auch - über Erfolgserlebnisse. Sprichwörter sind besonders gut geeignet, um Bekanntes, fast Verschüttgegangenes zu aktivieren. Die Sprichwort-Geschichten kombinieren die aus der Pflege bekannten Aktivierungskarten mit dem Konzept der (Vor-)Lesebücher: Kurze Geschichten münden in einem Sprichwort, von dem zunächst nur der erste Teil zu sehen ist. die Fortsetzung oder "Auflösung" des Sprichworts erfolgt nach dem Umblättern der Seite. Die Sprichwort-Geschichten vermitteln so Erfolgserlebnisse, machen Spaß und bieten Angehörigen und dementiell erkrankten Menschen die Möglichkeit das Buch spielerisch zu entdecken.
</marc:subfield>
   </marc:datafield>
   <marc:datafield ind1=" " ind2=" " tag="020">
      <marc:subfield code="a">9783944360317</marc:subfield>
      <marc:subfield code="9">9783944360317</marc:subfield>
   </marc:datafield>
   <marc:datafield ind1=" " ind2=" " tag="041">
      <marc:subfield code="a">ger</marc:subfield>
   </marc:datafield>
   <marc:datafield ind1=" " ind2=" " tag="300">
      <marc:subfield code="a">80 S.</marc:subfield>
   </marc:datafield>
</marc:record>
